000 01058 a2200169 4500
003 Nust
005 20230217094408.0
040 _cNust
082 _a530,DUN
100 _aDuncan J
_939704
245 _aA Text Book of Physics :
_bfor students of science and engineering /
_cJ. Duncan and Starling S G
260 _aBtitain
_bMacmillan and co.
_c1949.
300 _a749p
505 _aIntroductory (Page-1), Simple measurement (Page-8), Displacement (Page-19), Composition and resolution (Page-34), Angular velocity (Page-46), Newton, s Laws of motion (Page-58), Static forces acting a point (Page-68), Moments Forces (Page-84), Center of Parallel forces (Page-95), Couples (Page-113), Stores (Page-113), Work (Page-142), Friction machines (Page-153), Simple Machines (Page-162), Motion of rotation (Page-175), Centrifugal force (Page-195), Impact (Page-218), Hydrostatics (Page-228), Pressurace of the atmosphere (Page-242), Floating bodies (Page-255), Liquids in motions (Page-267), Surface Tension (Page-281).
650 _a Physics
942 _2ddc
_cBK
999 _c181463
_d181463